Science Quiz

Random Science or Math Quiz

30 Second Mental Math Quiz Stats

 Plays Quiz Updated Mar 17, 2020

     
Support Sporcle.
Go Orange.
Score 0/16 Timer 00:30
17 Plays Today
Problem Answer % Correct
1 + 67
99.7%
7 - 52
98.8%
2 x 48
98.4%
10 ÷ 25
97.5%
5 + 914
96.2%
16 - 79
94%
5 x 420
93.1%
9 ÷ 33
91.5%
Problem Answer % Correct
17 + 1229
87.2%
7 x 535
73.5%
31 - 1417
72.7%
36 ÷ 123
67.8%
74 + 39113
45.3%
85 - 4639
33.5%
6 x 70420
27.2%
162 ÷ 918
13.9%

From the Vault

Hated Signature Songs

by FreeWorld85

Music 4m
Singers aren't always delighted by which songs turn out to be fan favorites.
Remove Ads.
Support Sporcle.
Get the best of Sporcle when you Go Orange. This ad-free experience offers more features, more stats, and more fun while also helping to support Sporcle. Thank you for becoming a member.

Show Comments

Extras

Top Quizzes Today


Score Distribution

Your Account Isn't Verified!

In order to create a playlist on Sporcle, you need to verify the email address you used during registration. Go to your Sporcle Settings to finish the process.

Report this User

Report this user for behavior that violates our Community Guidelines.

Details: